Sex and secularism (Record no. 1225170)

MARC details
000 -LEADER
fixed length control field 00665nam a2200229Ia 4500
005 - DATE AND TIME OF LATEST TRANSACTION
control field 20241129104255.0
008 - FIXED-LENGTH DATA ELEMENTS--GENERAL INFORMATION
fixed length control field 241129s9999||||xx |||||||||||||| ||und||
020 ## - INTERNATIONAL STANDARD BOOK NUMBER
International Standard Book Number 9780691197227
037 ## - SOURCE OF ACQUISITION
Stock number Textual
040 ## - CATALOGING SOURCE
Original cataloging agency RTL
Language of cataloging eng
Transcribing agency RTL
041 ## - LANGUAGE CODE
Language code of text/sound track or separate title eng
Source of code eng
084 ## - COLON CLASSIFICATION NUMBER
Classification number Y15:3(S5) Q8
Assigning agency RTL
100 ## - MAIN ENTRY--PERSONAL NAME
Personal name Scott Joan Wallach
245 #0 - TITLE STATEMENT
Title Sex and secularism
Statement of responsibility, etc. Scott Joan Wallach
260 ## - PUBLICATION, DISTRIBUTION, ETC.
Place of publication, distribution, etc. Princeton
Name of publisher, distributor, etc. Princeton University Press
Date of publication, distribution, etc. 2018
300 ## - PHYSICAL DESCRIPTION
Extent xvi,235p.
365 ## - TRADE PRICE
Price type code INR
Price amount Rs.1749.12
490 ## - SERIES STATEMENT
Series statement Public Square Book Series
650 ## - SUBJECT ADDED ENTRY--TOPICAL TERM
Topical term or geographic name entry element Women- Social Conditions
9 (RLIN) 17365
942 ## - ADDED ENTRY ELEMENTS (KOHA)
Koha item type Textbook
Classification part Y15:3(S5) Q8
Holdings
Withdrawn status Lost status Damaged status Not for loan Home library Current library Date acquired Source of acquisition Inventory number Total Checkouts Full call number Barcode Date last seen Price effective from Koha item type
        Ratan Tata Library Ratan Tata Library 2024-11-29 Segment book 67525 &7/2/25   Y15:3(S5) Q8 RT1528106 2024-11-29 2024-11-29 Textbook
Copyright @ Delhi University Library System